Ako udržať vysokú dojivosť kráv aj počas leta

Bibliographic Details
Main Author: Ondarza, Mary Beth (Author)
Format: Article
Language:Slovak
ISSN:1335-1990
Subjects:

MARC

LEADER 00000nab a2200000 a 4500
001 vtls000769051
003 SK-MaSNL
005 20260304111219.0
008 250429c2001 xo 0 slo
015 |a SNBRB2001/09-27207 
035 |a CLN000120838 
035 |a (urnnbn)urn:nbn:sk:snk:ar-006os9 
035 |a (uuid)c756cb27-c124-4227-8d02-ff0de2e43d75 
035 |a urn:nbn:sk:snk-ab877f 
040 |a SNKBUCL  |b slo  |c SNKBUCL  |e AACR2 
041 0 |a slo 
044 |a xo  |c SK 
080 |a 636.2.055.034:612.59  |2 1997 
080 |a 612.59-019  |2 1997 
080 |a 619:612.59  |2 1997 
100 1 |a Ondarza, Mary Beth  |4 aut  |9 1411057 
245 1 0 |a Ako udržať vysokú dojivosť kráv aj počas leta  |c Mary Beth Ondarza 
650 0 7 |a kravy  |x dojivosť  |x stres z tepla  |2 snkbucl  |9 1411058 
650 0 7 |a dojivosť  |2 snkbucl  |9 336771 
650 0 7 |a stres  |2 snkbucl  |9 14472 
655 7 |a články z novín a časopisov  |2 snkbucl  |9 267496 
773 0 |t Slovenský chov  |g Roč. 6, č. 6 (2001), s. 18  |x 1335-1990 
850 |a Slovenská národná knižnica 
852 |a Slovenská národná knižnica 
954 |a odborná, vedecká literatúra pôvodná (slovenská)  |2 lita 
958 |a article9 
958 |a OND 
958 |a MI 
958 |a EUIPO 
999 |c 2861949  |d 2863879